000
00189nam a22000857a 4500
001
1242497
005
20251014150307.0
245
_a
MERAKLI BAHÇE
_c
PETER BROWN
260
_b
HEP KİTAP YAYINLARI
999
_c
1242497
_d
1242497